| 000 | 00627nam a2200145Ia 4500 | ||
|---|---|---|---|
| 999 |
_c27030 _d27030 |
||
| 041 | _aEnglish | ||
| 082 | _aRS.0804 | ||
| 100 |
_aSharma, Anita _uDepartment of Psychology H.P. University |
||
| 245 | 0 |
_aEnhancing academic achievement, study skills and economy in learning through motivation training programme in tribal students of Chamba and Lahaul Spiti districts in Himachal Pradesh / _cAnita Sharma |
|
| 260 |
_aNew Delhi : _bIndian Council of Social Science Research, _c2014 |
||
| 300 | _a104p | ||
| 650 |
_aMotivation training programme _zIndia _zHimachal Pradesh |
||
| 650 | _a Study skills and economy | ||
| 942 |
_2ddc _cBK |
||